Online
Catalog

José Bergamin / (Record no. 18499)

MARC details
000 -CABECERA
campo de control de longitud fija 00674nam a2200205 a 4500
001 - NÚMERO DE CONTROL
campo de control 000018981
005 - FECHA Y HORA DE LA ÚLTIMA TRANSACCIÓN
campo de control 20200929165907.0
008 - DATOS DE LONGITUD FIJA--INFORMACIÓN GENERAL
campo de control de longitud fija 910219s1989 fr a b f000 0dfre
020 ## - NÚMERO INTERNACIONAL ESTÁNDAR DEL LIBRO
Número Internacional Estándar del Libro 2858505373
040 ## - FUENTE DE LA CATALOGACIÓN
Centro catalogador/agencia de origen DO-SdBNP
Lengua de catalogación eng
Centro/agencia transcriptor BNPHU
082 ## - NÚMERO DE LA CLASIFICACIÓN DECIMAL DEWEY
Número de clasificación xxxx
Número de documento/Ítem J83
245 00 - MENCIÓN DE TÍTULO
Título José Bergamin /
Mención de responsabilidad, etc. sous la direction de Florence Delay et Dominique Letourneur.
260 ## - PUBLICACIÓN, DISTRIBUCIÓN, ETC.
Lugar de publicación, distribución, etc. Paris :
Nombre del editor, distribuidor, etc. Editions du Centre Georges Pompidou,
Fecha de publicación, distribución, etc. c1989.
300 ## - DESCRIPCIÓN FÍSICA
Extensión 286 p. :
Otras características físicas ill. ;
Dimensiones 24 cm.
490 1# - MENCIÓN DE SERIE
Mención de serie Cahiers pour un temps,
504 ## - NOTA DE BIBLIOGRAFÍA, ETC.
Nota de bibliografía, etc. Bibliografía : p.277-286
700 1# - PUNTO DE ACCESO ADICIONAL--NOMBRE DE PERSONA
Nombre de persona Delay, Florence,
Fechas asociadas al nombre 1941-
9 (RLIN) 40839
700 1# - PUNTO DE ACCESO ADICIONAL--NOMBRE DE PERSONA
Nombre de persona Letourneur, Dominique.
9 (RLIN) 40840
830 #0 - PUNTO DE ACCESO ADICIONAL DE SERIE-TÍTULO UNIFORME
Título uniforme Cahiers pour un temps
9 (RLIN) 40841
Holdings
Estado de retiro Estado de pérdida Restricciones de uso No para préstamo Código de colección Localización permanente Ubicación/localización actual Ubicación en estantería Fecha de adquisición Número de inventario Total de préstamos Signatura topográfica completa Código de barras Fecha visto por última vez Precio válido a partir de Tipo de ítem Koha
      Excluido de préstamo Monografías: Libros y Folletos General General En catalogación 21.05.2010 LF1   xxxx J83 18981-10 25.06.2020 25.06.2020 No se presta

Powered by Koha